000 00930nam a2200289 a 4500
001 14153
003 BD-RjUL
005 20211208235600.0
008 140205s1965 enkacfhgab 01100 eng d
035 _a(BD-RjUL)
035 _a(BD-RjUL) 14205
040 _aBD-RjUL
_beng
_cBD-RjUL
_dNNCU
_dBD-RjUL
041 _aeng
082 _a741
_bCAL 1965
245 0 0 _aCalligraphy and palaeography :
_bessays presented to Alfred Fairbank on his 70th birthday /
_cedited by A.S. Osley.
260 _aLondon :
_bFaber,
_c1965.
300 _axxiii, 286 p.,
_bill., facsims., port ;
_c26 cm.
504 _aIncludes bibliographical references and index.
600 1 0 _aFairbank, Alfred.
_944213
650 0 _aCalligraphy.
_944207
650 0 _aPaleography.
_944208
650 0 _aPenmanship.
_944209
650 0 _aWriting.
_944210
700 1 _aOsley, A. S.
_q(Arthur Sidney)
_944211
700 1 _aFairbank, Alfred.
_944212
942 _2ddc
_cBK
999 _c14153
_d14153